000
00323nam a22001457a 4500
008
230703b ||||| |||| 00| 0 eng d
020
_a
9780134508306
041
_a
eng
080
_2
5E
_a
311
082
_a
311SUL
100
_a
24
101
_a
SIS
245
_a
FUNDAMENTAS OF STATISTICS
_c
SULLIVAN .M
942
_2
udc
_c
BK
999
_c
60072
_d
60072